5HLuxD.jpg

KING HENRY VIII SENIOR AND PRIMARY SCHOOL LIBRARY OPAC

Complete additional mathematics for Cambridge IGCSE & O level (B) / (Record no. 2125)

000 -LEADER
fixed length control field 01300cam a2200337 i 4500
001 - CONTROL NUMBER
control field 19814647
003 - CONTROL NUMBER IDENTIFIER
control field OSt
005 - DATE AND TIME OF LATEST TRANSACTION
control field 20230308145940.0
008 - FIXED-LENGTH DATA ELEMENTS--GENERAL INFORMATION
fixed length control field 170721s2017 enka 001 0 eng
010 ## - LIBRARY OF CONGRESS CONTROL NUMBER
LC control number 2017288599
020 ## - INTERNATIONAL STANDARD BOOK NUMBER
International Standard Book Number 9780198376705 (pbk.)
040 ## - CATALOGING SOURCE
Original cataloging agency DLC
Language of cataloging eng
Transcribing agency DLC
Description conventions rda
042 ## - AUTHENTICATION CODE
Authentication code pcc
082 ## - DEWEY DECIMAL CLASSIFICATION NUMBER
Edition number 510 BEA
100 1# - MAIN ENTRY--PERSONAL NAME
Personal name Beadsworth, Tony,
Relator term author.
245 10 - TITLE STATEMENT
Title Complete additional mathematics for Cambridge IGCSE & O level (B) /
Statement of responsibility, etc. Tony Beadsworth.
246 3# - VARYING FORM OF TITLE
Title proper/short title Complete additional mathematics for Cambridge International Graduate Certificate of Seconday Education & O level
264 #1 - PRODUCTION, PUBLICATION, DISTRIBUTION, MANUFACTURE, AND COPYRIGHT NOTICE
Place of production, publication, distribution, manufacture Oxford :
Name of producer, publisher, distributor, manufacturer Oxford University Press,
Date of production, publication, distribution, manufacture, or copyright notice [2017]
300 ## - PHYSICAL DESCRIPTION
Extent xi, 501 pages :
Other physical details illustrations (some color) ;
Dimensions 25 cm
336 ## - CONTENT TYPE
Content type term text
Source rdacontent
337 ## - MEDIA TYPE
Media type term unmediated
Source rdamedia
338 ## - CARRIER TYPE
Carrier type term volume
Source rdacarrier
500 ## - GENERAL NOTE
General note "For the updated syllabus."
500 ## - GENERAL NOTE
General note Includes index.
650 #0 - SUBJECT ADDED ENTRY--TOPICAL TERM
Topical term or geographic name entry element Mathematics
Form subdivision Examinations, questions, etc.
-- Study guides.
650 #0 - SUBJECT ADDED ENTRY--TOPICAL TERM
Topical term or geographic name entry element International General Certificate of Secondary Education
Form subdivision Study guides.
650 #0 - SUBJECT ADDED ENTRY--TOPICAL TERM
Topical term or geographic name entry element Mathematics
General subdivision Study and teaching (Secondary)
906 ## - LOCAL DATA ELEMENT F, LDF (RLIN)
a 7
b cbc
c origres
d 2
e ncip
f 20
g y-gencatlg
942 ## - ADDED ENTRY ELEMENTS (KOHA)
Source of classification or shelving scheme
Koha item type Teaching Resources
Holdings
Withdrawn status Lost status Source of classification or shelving scheme Damaged status Not for loan Permanent Location Current Location Date acquired Total Checkouts Full call number Barcode Date last seen Date last checked out Copy number Price effective from Koha item type Total Renewals Date due Collection code Shelving location
          KH8 Senior School Library KH8 Senior School Library 2023-03-08 1 510 BEA TRKHSL000473 2025-06-23 2024-11-21 2 2023-03-08 Teaching Resources        
          KH8 Senior School Library KH8 Senior School Library 2023-03-08 1 510 BEA TRKHSL000474 2025-05-28 2024-11-21 3 2023-03-08 Teaching Resources        
          KH8 Senior School Library KH8 Senior School Library 2023-03-08 1 510 BEA TRKHSL000475 2025-06-11 2024-11-21 4 2023-03-08 Teaching Resources 1      
          KH8 Senior School Library KH8 Senior School Library 2023-03-08 1 510 BEA TRKHSL000476 2025-06-09 2024-11-21 5 2023-03-08 Teaching Resources        
          KH8 Senior School Library KH8 Senior School Library 2023-03-08 1 510 BEA TRKHSL000477 2025-06-20 2024-11-21 6 2023-03-08 Teaching Resources        
          KH8 Senior School Library KH8 Senior School Library 2023-03-08 1 510 BEA TRKHSL000478 2024-11-21 2024-11-21 7 2023-03-08 Teaching Resources   2025-07-04    
          KH8 Senior School Library KH8 Senior School Library 2023-03-08 1 510 BEA TRKHSL000481 2025-07-01 2024-11-21 10 2023-03-08 Teaching Resources        
          KH8 Senior School Library KH8 Senior School Library 2025-06-11     TRKHSL000472 2025-06-11     2025-06-11 Teaching Resources     Teaching Resources Staff Office
          KH8 Senior School Library KH8 Senior School Library 2025-07-11     TRKHSL000480 2025-07-11     2025-07-11 Teaching Resources     Teaching Resources Staff Office
          KH8 Senior School Library KH8 Senior School Library 2025-07-11     TRKHSL000479 2025-07-11     2025-07-11 Teaching Resources     Teaching Resources Staff Office

Powered By KH8 IT Dept